[Event "SC Uttenreuth e.V. 1-SG SC Mühldorf/SK S"]
[Site "?"]
[Date "2012.12.05"]
[Round "2.2"]
[White "Miederer, Karl"]
[Black "Mehwald, Thomas"]
[Result "1/2-1/2"]
[WhiteElo "1837"]
[BlackElo "2008"]
[PlyCount "80"]
[EventDate "2012.??.??"]
[WhiteTeam "SC Uttenreuth e.V. 1"]
[BlackTeam "SG SC Mühldorf/SK Schwabach 1"]

1. e4 c5 2. Nc3 Nc6 3. Nf3 g6 4. Bc4 Bg7 5. O-O d6 6. Re1 e6 7. d3 Nge7 8. Bf4
a6 9. a3 b5 10. Ba2 O-O 11. Qd2 Nd4 12. Nxd4 cxd4 13. Ne2 Re8 14. Bh6 Bh8 15.
Qg5 Ra7 16. f4 Rc7 17. Rac1 Rc5 18. Qg4 Rh5 19. Bg5 h6 20. Ng3 e5 21. Qf3 hxg5
22. Nxh5 g4 23. Qf2 gxh5 24. fxe5 Be6 25. Bxe6 fxe6 26. Qh4 Ng6 27. Qxh5 Nxe5
28. Rf1 Bg7 29. Rf4 Re7 30. Rcf1 Rc7 31. R1f2 Rc5 32. Kh1 Qe7 33. Rf1 Rxc2 34.
h3 g3 35. Rh4 Bf6 36. Rhf4 Bg5 37. Rf8+ Qxf8 38. Rxf8+ Kxf8 39. Qxg5 Rxb2 40.
Qf4+ Kg8 1/2-1/2

[Event "SC Uttenreuth e.V. 1-SG SC Mühldorf/SK S"]
[Site "?"]
[Date "2012.12.05"]
[Round "2.3"]
[White "Greul, Hans"]
[Black "Traut, Gerhard"]
[Result "1-0"]
[WhiteElo "1985"]
[BlackElo "1786"]
[PlyCount "67"]
[EventDate "2012.??.??"]
[WhiteTeam "SG SC Mühldorf/SK Schwabach 1"]
[BlackTeam "SC Uttenreuth e.V. 1"]

1. d4 c5 2. c3 cxd4 3. cxd4 g6 4. Nf3 Bg7 5. e3 Nf6 6. Nc3 O-O 7. Be2 a6 8. O-O
d6 9. a4 h6 10. Bd2 Be6 11. a5 Nc6 12. Qa4 Re8 13. Rfd1 d5 14. Ne1 Bd7 15. Qa2
e6 16. Na4 Ne4 17. Nb6 Rb8 18. Nd3 Bf8 19. Be1 Bd6 20. f3 Nf6 21. Rac1 Bc8 22.
Nc5 Nd7 23. Nxa6 bxa6 24. Rxc6 Nxb6 25. axb6 Bb7 26. Rc2 Qxb6 27. Ba5 Qa7 28.
Qa4 Re7 29. f4 Rc8 30. Rdc1 Rxc2 31. Rxc2 Kh7 32. Bd8 Qb8 33. Bxe7 Bxe7 34. Qd7
1-0

[Event "SC Uttenreuth e.V. 1-SG SC Mühldorf/SK S"]
[Site "?"]
[Date "2012.12.05"]
[Round "2.4"]
[White "Rink, Florian"]
[Black "Reuter, Roland"]
[Result "1-0"]
[WhiteElo "1821"]
[BlackElo "1947"]
[PlyCount "94"]
[EventDate "2012.??.??"]
[WhiteTeam "SC Uttenreuth e.V. 1"]
[BlackTeam "SG SC Mühldorf/SK Schwabach 1"]

1. d4 Nf6 2. c4 g6 3. Nc3 Bg7 4. e4 d6 5. Nf3 O-O 6. Be2 Nbd7 7. O-O c5 8. d5
b6 9. Ne1 Ba6 10. Qa4 Bb7 11. Nd3 a6 12. Qc2 Ne8 13. Be3 e6 14. Nf4 Qe7 15. a3
Nc7 16. Rfd1 Rad8 17. Rab1 Be5 18. Nd3 f5 19. Nxe5 Nxe5 20. f3 exd5 21. cxd5 f4
22. Bf2 b5 23. b4 c4 24. a4 Rc8 25. Ra1 a5 26. axb5 axb4 27. Ra7 Rb8 28. b6 Na6
29. Nb5 Rfc8 30. Ra1 Qd7 31. Nd4 Nc5 32. Nc6 Nxc6 33. dxc6 Qxc6 34. Qxc4+ d5
35. exd5 Qd6 36. Qxb4 Bxd5 37. Qd4 Ne6 38. Qb2 Qf8 39. h3 Qf5 40. Rd1 Rc2 41.
Qb5 Rxe2 42. Qxe2 Ng5 43. Qb5 Rd8 44. b7 Nxh3+ 45. gxh3 Qg5+ 46. Kh2 Bxf3 47.
Rxd8+ Kg7 1-0

[Event "SC Uttenreuth e.V. 1-SG SC Mühldorf/SK S"]
[Site "?"]
[Date "2012.12.05"]
[Round "2.5"]
[White "Wirth, Karl-Heinz"]
[Black "Beck, Gerhard"]
[Result "1-0"]
[WhiteElo "1868"]
[BlackElo "1739"]
[PlyCount "55"]
[EventDate "2012.??.??"]
[WhiteTeam "SG SC Mühldorf/SK Schwabach 1"]
[BlackTeam "SC Uttenreuth e.V. 1"]

1. e4 e6 2. d4 d5 3. Nc3 Nf6 4. Bg5 Be7 5. e5 Nfd7 6. h4 a6 7. Nf3 c5 8. dxc5
Nc6 9. Qd2 Ndxe5 10. Nxe5 Nxe5 11. O-O-O h6 12. Bxe7 Qxe7 13. Qd4 Qf6 14. Nxd5
exd5 15. Re1 Be6 16. Rxe5 O-O 17. Bd3 Rfc8 18. f4 g6 19. g4 Bxg4 20. Rg1 h5 21.
f5 g5 22. hxg5 Qxg5+ 23. Kb1 Qd2 24. f6 Kf8 25. Qxd5 Re8 26. Qd6+ Kg8 27. Rxe8+
Rxe8 28. Bh7+ 1-0

[Event "SC Uttenreuth e.V. 1-SG SC Mühldorf/SK S"]
[Site "?"]
[Date "2012.12.05"]
[Round "2.6"]
[White "Meyer, Jürgen"]
[Black "Leis, Stefan"]
[Result "0-1"]
[WhiteElo "1710"]
[BlackElo "1849"]
[PlyCount "120"]
[EventDate "2012.??.??"]
[WhiteTeam "SC Uttenreuth e.V. 1"]
[BlackTeam "SG SC Mühldorf/SK Schwabach 1"]

1. d4 Nf6 2. Nf3 c5 3. e3 e6 4. Bd3 d5 5. c3 Nc6 6. Nbd2 Bd6 7. O-O O-O 8. b3
e5 9. dxe5 Nxe5 10. Be2 Qe7 11. Bb2 Rd8 12. Qc2 Bg4 13. Rfe1 Nxf3+ 14. Bxf3 Qe5
15. g3 Qh5 16. Bg2 Bh3 17. Bf3 Bg4 18. Bg2 Bf5 19. Qd1 Qg6 20. Nf3 Bg4 21. h3
Be6 22. Nh4 Qh6 23. Qf3 Qg5 24. Qe2 Re8 25. Rad1 Bc7 26. Bc1 Ne4 27. Bxe4 dxe4
28. Kg2 Be5 29. c4 Rac8 30. Bb2 Rc6 31. Bxe5 Qxe5 32. f4 exf3+ 33. Nxf3 Qe4 34.
Kh2 Bc8 35. Ng5 Qe7 36. Rd5 Rg6 37. h4 h6 38. Nh3 Be6 39. Rd2 Bxh3 40. Kxh3 Qc7
41. Qf3 Rf6 42. Qd5 Rfe6 43. Qd7 Qa5 44. Rde2 R8e7 45. Qd5 Qb4 46. Rf1 Qb6 47.
Rd1 Re5 48. Qd3 Qe6+ 49. Kg2 Rd7 50. Qc2 Re4 51. Rdd2 Qc6 52. Kh2 Rde7 53. Re1
Qc7 54. Kh3 Qd7+ 55. Kh2 R7e6 56. Rde2 Qc7 57. Kh3 Rxe3 58. Rxe3 Rxe3 59. Rg1
Qe5 60. Qd2 f5 0-1

[Event "SC Uttenreuth e.V. 1-SG SC Mühldorf/SK S"]
[Site "?"]
[Date "2012.12.05"]
[Round "2.7"]
[White "Hetzner, Helmut"]
[Black "Müller, Heiko"]
[Result "1-0"]
[WhiteElo "1802"]
[BlackElo "1624"]
[PlyCount "63"]
[EventDate "2012.??.??"]
[WhiteTeam "SG SC Mühldorf/SK Schwabach 1"]
[BlackTeam "SC Uttenreuth e.V. 1"]

1. e4 c5 2. Nf3 Nc6 3. d4 cxd4 4. Nxd4 g6 5. c4 Bg7 6. Be3 d6 7. Nc3 Nf6 8. Be2
O-O 9. O-O Ne5 10. f3 Be6 11. b3 Bd7 12. Qd2 b6 13. Rac1 Qc8 14. Nd5 Nxd5 15.
cxd5 Qb7 16. h3 f5 17. f4 Nf7 18. Ne6 Bxe6 19. dxe6 Nd8 20. exf5 Rxf5 21. Bf3
d5 22. g4 Rf8 23. Bxd5 Qb8 24. Qg2 Kh8 25. Bxa8 Nxe6 26. Bd5 Bd4 27. Bxd4+ Nxd4
28. Qe4 Rxf4 29. Rxf4 Qxf4 30. Rc8+ Kg7 31. Rg8+ Kh6 32. Qxf4+ 1-0

[Event "SC Uttenreuth e.V. 1-SG SC Mühldorf/SK S"]
[Site "?"]
[Date "2012.12.05"]
[Round "2.8"]
[White "Niessner, Erhard"]
[Black "Hörath, Michael"]
[Result "1-0"]
[WhiteElo "1548"]
[BlackElo "1797"]
[PlyCount "49"]
[EventDate "2012.??.??"]
[WhiteTeam "SC Uttenreuth e.V. 1"]
[BlackTeam "SG SC Mühldorf/SK Schwabach 1"]

1. d4 Nf6 2. c4 g6 3. Nc3 Bg7 4. g3 d5 5. Bg2 dxc4 6. Qa4+ c6 7. Qxc4 Nbd7 8.
Nf3 Nb6 9. Qd3 O-O 10. O-O Be6 11. b3 Nh5 12. e4 Qc7 13. Bb2 Rad8 14. Rac1 f5
15. e5 Bh6 16. Rc2 Nd5 17. Nxd5 Bxd5 18. Nd2 Bxg2 19. Kxg2 Qd7 20. Qc4+ Qd5+
21. Qxd5+ Rxd5 22. Nc4 Bg7 23. Ne3 Rd7 24. Rd1 Rfd8 25. Rcd2 1-0